00330nam a2200133 4500003000700000005001700007008003900024020001600063100001800079245002700097260003600124300002100160999001500181IeDuTC20181127164009.0960108s1995 enk 000 1 eng a0671718843 1 aMcClure, Ken.10aTrauma /cKen McClure. aLondon :bPocket Books, c1996. a375 p. ;c18 cm. c1362d1362